The Truth about Food/ (Record no. 13967)
[ view plain ]
| 000 -LEADER | |
|---|---|
| fixed length control field | 00637nam a22001577a 4500 |
| 008 - FIXED-LENGTH DATA ELEMENTS--GENERAL INFORMATION | |
| fixed length control field | 100509s2005 enk|||||s|||| 000 0 eng d |
| 082 ## - DEWEY DECIMAL CLASSIFICATION NUMBER | |
| Edition number | 22 |
| Classification number | 641.3 |
| Item number | KRE |
| 100 ## - MAIN ENTRY--PERSONAL NAME | |
| 9 (RLIN) | 13843 |
| Personal name | Krebs, John |
| 245 ## - TITLE STATEMENT | |
| Title | The Truth about Food/ |
| Statement of responsibility, etc | John Krebs |
| 260 ## - PUBLICATION, DISTRIBUTION, ETC. (IMPRINT) | |
| Place of publication, distribution, etc | London: |
| Name of publisher, distributor, etc | The Royal Institution, 2005 |
| Date of publication, distribution, etc | 2005 |
| 300 ## - PHYSICAL DESCRIPTION | |
| Extent | 1videodisc : |
| Other physical details | sd., col. ; |
| Dimensions | 4 3/4 in. + |
| Accompanying material | 1 CD-ROM (4 3/4 in.) |
| 490 ## - SERIES STATEMENT | |
| Series statement | Royal Institution Christmas Lectures 2005; |
| Volume number/sequential designation | 5 |
| 710 ## - ADDED ENTRY--CORPORATE NAME | |
| 9 (RLIN) | 13778 |
| Corporate name or jurisdiction name as entry element | Royal Institution of Great Britain |
| 942 ## - ADDED ENTRY ELEMENTS (KOHA) | |
| Source of classification or shelving scheme | Dewey Decimal Classification |
| Item type | |
| Withdrawn status | Lost status | Source of classification or shelving scheme | Damaged status | Not for loan | Location (home branch) | Sublocation or collection (holding branch) | Shelving location | Date acquired | Source of acquisition | Koha issues (times borrowed) | Koha full call number | Piece designation (barcode) | Koha date last seen | Price effective from | Koha item type |
|---|---|---|---|---|---|---|---|---|---|---|---|---|---|---|---|
| Dewey Decimal Classification | Central Library | Central Library | First floor | 09/05/2010 | 641.3 KRE | 000014265 | 24/08/2022 | 09/05/2010 | CD | DVD - (NB) |